Orhan Gencebay ile bir ömür [CD ROM sound recording] (Record no. 116539)

MARC details
000 -BAŞLIK
Sabit Uzunluktaki Kontrol Alanı 02368nam a22003257a 4500
003 - KONTROL NUMARASI KİMLİĞİ
Kontrol Alanı KOHA_MİRAKIL
005 - EN SON İŞLEM TARİHİ ve ZAMANI
Kontrol Alanı 20240814100434.0
008 - SABİT UZUNLUKTAKİ VERİ ÖGELERİ - GENEL BİLGİ
Sabit Alan 231006b ||||| |||| 00| 0 eng d
020 ## - ISBN - ULUSLARARASI STANDART KİTAP NUMARASI
Isbn 8699466000550
040 ## - KATALOGLAMA KAYNAĞI
Özgün Kataloglama Kurumu TR-IsTIV
Kataloglama Dili tur
Çeviri Kurumu TR-IsTIV
041 ## - DİL KODU
Metin ya da ses kaydının dil kodu tur
Özgün materyalin dil kodu tur
Orjinal Dil Kodu tur
090 ## - YEREL YER NUMARASI
Yerel Yer Numarası DVD8.0936
100 1# - KİŞİ ADI
Yazar Adı (Kişi adı) Gencebay, Orhan.
İsimle ilişkili tarihler 1944-
245 10 - ESER ADI BİLDİRİMİ
Başlık Orhan Gencebay ile bir ömür [CD ROM sound recording]
Alt Eseradı vb. 33 sanatçı 33 eser
Sorumluluk Bildirimi Orhan Gencebay, Polat Yağcı
260 ## - YAYIN, DAĞITIM, VB.
Yayın Yeri İstanbul
Yayınevi Kervan Plakçılık
Yayın Tarihi 2012
300 ## - FİZİKSEL TANIMLAMA
Diğer fiziki detaylar 2 sounddiscs sd., col. ; c 4 3/4 in. +|e1 kitapçık.[35 sayfa]
505 ## - İÇİNDEKİLER NOTU
İçindekiler Notu CD 1.Severek ayrılalım / Ajda Pekkan Bir araya gelemeyiz Athena -- $t Dünya dönüyor / Berkay Beni böyle sev /Candan Erçetin --Farkında mısın /Demet Akalın -- Benim dünyam / Deniz Seki Gönül / Duman -- Dil yarası /Ebru Gündeş --Hayat devam ediyor / Emel Sayın -- Bir teselli ver / Emre Aydın Kaderimin oyunu / Hande Yener / Kabahat seni sevende / İzel -- Ben o zaman ölürüm / Kutsi -- Ya evde yoksan / Manga Yarabbim / Mustafa Ceceli -- Kır gönlünün zincirini / Mustafa Sandal -- Dertler benim olsun Nilüfer --Batsın bu dünya / Koro.<br/>CD 2. Gitti de gitti / Nükhet Duru -- Vazgeç gönlüm / Özcan Deniz --Beni bira anlasaydın / Rafet El Roman --Dokunma Seksendört -- Hor görme garibi / Serdar Ortaç -- Akşam güneşi / Sezen Aksu -- Bilmesin o felek / Sibel Can Kahrolayım / Şevval Sam --Hatasız kul olmaz / Tarkan Gurbet / Volkan Konak Yorgun gözler / Yaşar Aşkımı sakla / Yıldız Tilbe Neyi değiştirdik ki / Yıldız Usmanova Dilenci / Zara Sev dedi gözlerim / Batsın bu dünya / Koro.
610 ## - KONU BAŞLIĞI EK GİRİŞİ - KURUM ADI
Kurum Adı Kervan Plakçılık
610 ## - KONU BAŞLIĞI EK GİRİŞİ - KURUM ADI
Kurum Adı Poll Production
610 ## - KONU BAŞLIĞI EK GİRİŞİ - KURUM ADI
Kurum Adı Doğan Müzik Dağıtım
650 00 - KONU BAŞLIĞI EK GİRİŞ - KONU TERİMİ
Konusal terim veya coğrafi ad Arabesk ve Fantezi Müzik
Alt başlık biçimi Arabesk ve Fantezi Müzik|xAlbümler|zTürkiye
Genel Alt Konu Tribute Albümler|xArabesk ve Fantezi Müzik|zTürkiye
-- Soundrecordings
-- Sounddiscs
-- Müzik CD Albümleri Türvak Arşivi
Kronolojik Alt Konu 2012
Coğrafi Alt Konu Türkiye
700 1# - EK GİRİŞ - KİŞİ ADI
Yazar Adı (Kişi adı) Gencebay, Altan
İlişkili Terim Yapımcı
700 1# - EK GİRİŞ - KİŞİ ADI
Yazar Adı (Kişi adı) Gencebay, Orhan
İlişkili Terim Yapımcı
700 1# - EK GİRİŞ - KİŞİ ADI
Yazar Adı (Kişi adı) Yağcı, Polat
İlişkili Terim Yapımcı
700 1# - EK GİRİŞ - KİŞİ ADI
Yazar Adı (Kişi adı) Öcal, Cem
İlişkili Terim Koordinatör
700 1# - EK GİRİŞ - KİŞİ ADI
Yazar Adı (Kişi adı) Arslan, Nil
İlişkili Terim Koordinatör
700 1# - EK GİRİŞ - KİŞİ ADI
Yazar Adı (Kişi adı) Özcan, İlhan
İlişkili Terim Koordinatör
856 ## - ELEKTRONİK YER ve ERİŞİM
Materyale ilişkin tanımlama Orhan Gencebay ile Bir Ömür Kartonet
Kaynak Tanımlayıcı (URL) <a href="https://disk.yandex.com/i/vbnGfU2WUtIb3Q">https://disk.yandex.com/i/vbnGfU2WUtIb3Q</a>
942 ## - EK GİRİŞ ÖGELERİ (KOHA)
Source of classification or shelving scheme Dewey Decimal Classification
Koha item type Görsel-İşitsel Materyaller

No items available.